MARC

LEADER 00000nas a2200000 a 4500
001 13280, 13281, 13282
003 Arxiu
005 20260324181021.0
008 160829s1936 - [1938] xx 000 0 cat d
008 160829s9999 xx 000 0 cat d
080 |a Revistes 
245 |a Butlletí del Departament d'Agricultura 
260 |a Barcelona :   |b Generalitat de Catalunya, Departament d'Agricultura ;   |c 1936 - [1938] 
300 |a 3 vols. enquadernats ;   |b periodicitat: bimestral ;   |c 25 cm 
310 |a Bimestral 
362 |a Any 1, núm. 1/2 (oct./nov. 1936)- 
650 |a Agricultura  |x Revistes  |9 28453 
710 1 |a Catalunya.  |b Departament d'Agricultura  |9 55594 
866 |a Any 1, núms. 1-2 (octubre-novembre 1936) -- -- Any 2, núm. 8 (setembre 1937) 
901 |a Arxiu 
942 |n 1  |2 udc  |c REV 
952 |0 0  |1 0  |2 udc  |4 0  |6 REV153  |7 1  |9 41324  |a Arxiu  |b Arxiu  |d 2016-12-01  |h Any 1, núms. 1-2 (octubre-novembre 1936) -- Any 1, núm. 3 (desembre 1936)  |o Rev-153  |p 13280  |r 2016-12-01 00:00:00  |w 2016-12-01  |y ARXIU 
952 |0 0  |1 0  |2 udc  |4 0  |6 REV154  |7 1  |9 63205  |a Arxiu  |b Arxiu  |d 2022-07-26  |h Any 2, núm. 4 (gener 1937) -- Any 2, núm. 6 (maig 1937)  |l 0  |o Rev-154  |p 13281  |r 2022-07-26 00:00:00  |w 2022-07-26  |y ARXIU 
952 |0 0  |1 0  |2 udc  |4 0  |6 REV155  |7 1  |9 63206  |a Arxiu  |b Arxiu  |d 2022-07-26  |h Any 2, núm. 7 (juliol 1937) -- Any 2, núm. 8 (setembre 1937)  |l 0  |o Rev-155  |p 13282  |r 2022-07-26 00:00:00  |w 2022-07-26  |y ARXIU 
999 |c 43132  |d 43132 
655 |a Revistes  |9 55823